000 005210000a22001810004500
020 _a958-95143-0-8
041 0 _aSPA
082 0 4 _aG 305.8 A715c
100 1 _aAristizábal Giraldo, Silvio
245 1 0 _aConversando con don Ramón / Silvio Aristizábal Giraldo
260 _aBogotá, Colombia : CECOIN (ver Centro de Cooperación al Indígena)
300 _a117 Pag
001 9403
942 _cBK
999 _c39420
_d39420
336 _atexto
_btxt
_2rdacontent
337 _2rdamedia
_asin mediación
_bn
338 _2rdacarrier
_avolumen
_bnc